Highest Grossing Animated Films - Statistics

General Stats
  • This quiz has been taken 43 times
    15 since last reset
  • The average score is 15 of 25
Answer Stats
Money Made (US$) Recent? Year Movie % Correct
859,076,254 2015 Inside Out
100%
1,698,863,816 2024 Inside Out 2
92%
1,073,394,593 2019 Toy Story 4
92%
1,290,000,000 2013 Frozen
83%
1,450,026,933 2019 Frozen 2
83%
1,066,970,811 2010 Toy Story 3
83%
970,766,005 2013 Despicable Me 2
67%
1,034,800,131 2017 Despicable Me 3
67%
941,637,960 2003 Finding Nemo
67%
1,243,225,667 2018 Incredibles 2
67%
932,530,034 2004 Shrek 2
67%
970,707,763 1994 The Lion King
67%
1,656,943,394 2019 The Lion King (2019)
67%
814,641,172 2017 Coco
58%
969,126,452 2024 Despicable Me 4
58%
1,029,266,989 2016 Finding Dory
58%
1,159,457,503 2015 Minions
58%
1,025,521,689 2016 Zootopia
58%
1,059,718,587 Recent 2024 Moana 2
50%
2,126,893,889 Recent 2025 Ne Zha 2
50%
1,362,566,989 2023 Super Mario Bros. Movie
50%
875,698,161 2016 The Secret Life of Pets
42%
940,203,765 2022 Minions: The Rise of Gru
33%
877,244,782 2012 Ice Age: Continental Drift
8%
886,686,817 2009 Ice Age: Dawn of Dinosaurs
8%
No matching quizzes found
Score Distribution
Percent of People with Each Score
Percentile by Number Answered
Your Score History
You have not taken this quiz since the last reset